000 01371cad a22002295a 4500
001 L155100
008 120229s2012 xxk f 000 0 eng d
035 _a(Sirsi) u155100
041 0 _aeng
110 2 _aUnited Kingdom
_bDepartment of Energy and Climate Change
_95850
245 0 0 _aMemorandum of understanding between the government of the People's Republic of Bangladesh and the Department of Energy and Climate Change of the United Kingdom and the Engineering and Physical Sciences Research Council of the United Kingdom
_bon collaboration in energy research and development
_h[electronic resource]
260 _aLondon
_bDECC
_c2012
520 _aMemorandum of Understanding on energy research. Internationally renowned UK universities and institutes will partner with colleagues in Bangladesh to develop research projects on renewable energy and work relating to energy technologies, systems, services and policies.
590 _aKA
651 4 _aUnited Kingdom
651 4 _aBangladesh
690 _aEnergy
_96237
700 1 _aRepublic of Bangladesh
700 1 _aEngineering and Physical Sciences Research Council
_9167
856 4 0 _uhttps://www.decc.gov.uk/assets/decc/11/about-us/economics-social-research/4471-memorandum-of-understanding-uk-bangladesh-energy-r.pdf
_zView the Memorandum of Understanding free of charge at www.decc.gov.uk
942 _n0
999 _c113321
_d113321